Detalles MARC
| 000 -ENCABEZADO |
| Número de control [NR] |
01589nam a22002897a 4500 |
| 008 - DE LONGITUD FIJA DE DATOS DE ELEMENTOS - INFORMACIÓN GENERAL |
| Elementos de longitud fija [NR] |
130821s2005 gr ab gr eng |
| 020 ## - NUMERO INTERNACIONAL NORMALIZADO PARA LIBROS [R] |
| Número Internacional Normalizado del libro [NR] |
0896802450 |
| 040 ## - FUENTE DE CATALOGACION [NR] |
| Agencia de catalogación original [NR] |
Co-BoUCM |
| Idioma de catalogación [NR] |
spa |
| 041 00 - CODIGO DE IDIOMA [R] |
| Código de idioma para texto/pista de sonido o título separado [R] |
Inglés |
| 100 1# - ASIENTO PRINCIPAL--NOMBRE PERSONAL [NR] |
| Nombre personal [NR] |
Talentino, Andrea Kathryn. |
| ID Autoridad |
171547 |
| 245 10 - MENCION DE TITULO [NR] |
| Título [NR] |
Military intervention after the Cold War the evolution of theory and practice |
| Mención de responsabilidad, etc. [NR] |
Andrea Kathryn Talentino. |
| 260 ## - PUBLICACION, DISTRIBUCION, ETC. (PIE DE IMPRENTA) [R] |
| Lugar de publicación, distribución, etc. [R] |
Atenas (Grecia) |
| Nombre del editor, distribuidor, etc. [R] |
Ohio University Press |
| Fecha de publicación, distribución, etc. [R] |
c2005 |
| 300 ## - DESCRIPCION FISICA [R] |
| Extensión [R] |
xvi, 364 páginas |
| Otros detalles físicos [NR] |
mapas |
| 490 1# - MENCION DE SERIE [R] |
| Mención de serie [R] |
Ohio University research in international studies, Global and comparative studies series |
| Designación numérica/secuencial del volumen [NR] |
no. 4 |
| 504 ## - NOTA DE BIBLIOGRAFIA, ETC. [R] |
| Nota de bibliografía, etc. [NR] |
|
| 505 0# - NOTA DE CONTENIDO CON FORMATO PREESTABLECIDO [R] |
| Nota de contenido con formato preestablecido [NR] |
Intervention reconsidered -- Theoretical foundations -- Lessons in failure : intervention in Somalia -- One step forward? : intervention in Haiti -- The ongoing struggle : intervention in Bosnia -- ECOWAS, the UN, and Sierra Leone -- Pushing the envelope in Kosovo. |
| 650 04 - ASIENTO SECUNDARIO DE MATERIA - TERMINO TEMATICO [R] |
| Término temático o nombre geográfico como elemento de entrada [NR] |
Ciencia política |
| 9 (RLIN) |
340 |
| 650 04 - ASIENTO SECUNDARIO DE MATERIA - TERMINO TEMATICO [R] |
| Término temático o nombre geográfico como elemento de entrada [NR] |
Guerra (Derecho internacional) |
| 9 (RLIN) |
16574 |
| 650 04 - ASIENTO SECUNDARIO DE MATERIA - TERMINO TEMATICO [R] |
| Término temático o nombre geográfico como elemento de entrada [NR] |
Guerra Fría |
| 9 (RLIN) |
16622 |
| 650 04 - ASIENTO SECUNDARIO DE MATERIA - TERMINO TEMATICO [R] |
| Término temático o nombre geográfico como elemento de entrada [NR] |
Intervención (Derecho internacional) |
| Subdivisión de forma [R] |
Estudio de casos |
| 9 (RLIN) |
152619 |
| 830 #0 - ASIENTO SECUNDARIO DE SERIE--TITULO UNIFORME [R] |
| Título uniforme [NR] |
Research in international studies. |
| Nombre de la parte o sección de una obra [R] |
Global and comparative studies series |
| Designación numérica/secuencial del volumen [NR] |
no. 4. |
| 9 (RLIN) |
171548 |
| 856 41 - LOCALIZACION Y ACCESO ELECTRONICOS [R] |
| Especificación de los materiales [NR] |
Contenido |
| Identificador Uniforme del Recurso (“URI”) [R] |
<a href="http://www.loc.gov/catdir/toc/ecip0518/2005025342.html">http://www.loc.gov/catdir/toc/ecip0518/2005025342.html</a> |
| 856 42 - LOCALIZACION Y ACCESO ELECTRONICOS [R] |
| Especificación de los materiales [NR] |
|
| Identificador Uniforme del Recurso (“URI”) [R] |
<a href="http://www.loc.gov/catdir/enhancements/fy0623/2005025342-b.html">http://www.loc.gov/catdir/enhancements/fy0623/2005025342-b.html</a> |
| 856 42 - LOCALIZACION Y ACCESO ELECTRONICOS [R] |
| Especificación de los materiales [NR] |
Publicador |
| Identificador Uniforme del Recurso (“URI”) [R] |
<a href="http://www.loc.gov/catdir/enhancements/fy0623/2005025342-d.html">http://www.loc.gov/catdir/enhancements/fy0623/2005025342-d.html</a> |
| 942 ## - ELEMENTOS DE ENTRADA AGREGADOS (KOHA) |
| Tipo de ítem principal el descrito en 300a |
Libro |
| Tema principal |
Ciencia política |
| Edición |
1 |
| Parte restante de la signatura top. |
T143m |
| Sistema de clasificación |
DEWEY |
| Clasificación |
327.117 |